LEADER 02248nam 2200517 a 450 001 9910481044303321 005 20170821160552.0 010 $a1-4833-4538-6 010 $a1-4522-4717-X 035 $a(CKB)2550000001194239 035 $a(EBL)1598491 035 $a(MiAaPQ)EBC1598491 035 $a(OCoLC)1007860089 035 $a(StDuBDS)EDZ0000160003 035 $a(EXLCZ)992550000001194239 100 $a20130912d1995 fy| 0 101 0 $aeng 135 $aur|n|---||||| 181 $2rdacontent 182 $2rdamedia 183 $2rdacarrier 200 00$aFeminism, multiculturalism, and the media$b[electronic resource] $eglobal diversities /$fedited by Angharad N. Valdivia 210 $aThousand Oaks, Calif. $cSAGE$dc1995 215 $a1 online resource (341 p.) 300 $aDescription based upon print version of record. 311 $a1-322-42223-0 311 $a0-8039-5775-0 320 $aIncludes bibliographical references and indexes. 327 $apart I. The production of interventions -- part II. (Con)textual analyses -- part III. Combining methodologies and narratives. 330 $aThe multiplicity of voices in this volume illustrate the contradictions inherent in multicultural and feminist perspectives on the media. This book breaks new ground by exploring intersecting variables of oppression, from the personal to the political. Compelling case studies illustrate how issues of gender, ethnicity, class, sexual orientation and global origin affect the media coverage, portrayal and reception of individuals. The chapters present theoretical perspectives plus examples of methodologies, focus on topics of current interest and represent a variety of media. 606 $aMass media and women 606 $aFeminism 606 $aCultural pluralism in mass media 608 $aElectronic books. 615 0$aMass media and women. 615 0$aFeminism. 615 0$aCultural pluralism in mass media. 676 $a302.23 676 $a302.23082 701 $aValdivia$b Angharad N$0908896 801 0$bStDuBDS 801 1$bStDuBDS 906 $aBOOK 912 $a9910481044303321 996 $aFeminism, multiculturalism, and the media$92449350 997 $aUNINA LEADER 02953oas 2201105 a 450 001 9910140140903321 005 20251212172716.0 011 $a1438-9312 035 $a(DE-599)2012720-0 035 $a(OCoLC)45586833 035 $a(CONSER) 2001227294 035 $a(CKB)961075832001 035 $a(EXLCZ)99961075832001 100 $a20001218a20009999 sy 101 0 $aeng 135 $aurcn||||||||| 181 $ctxt$2rdacontent 182 $cc$2rdamedia 183 $acr$2rdacarrier 200 00$aEuropean journal of lipid science and technology 210 $aWeinheim, Fed. Rep. of Germany $cWiley-VCH Verlag$d©2000- 215 $a1 online resource 300 $aRefereed/Peer-reviewed 300 $aTitle from table of contents screen (Wiley InterScience; viewed: 10/12/2006). 311 08$a1438-7697 517 3 $aLipid science and technology 517 1 $aEJLST 517 1 $aEur. j. lipid sci. technol 531 00$aEur. j. lipid sci. technol. 531 0 $aEur. j. lipid sci. technol. 606 $aLipids$vPeriodicals 606 $aOils and fats, Edible$vPeriodicals 606 $aLipids 606 $aLipids 606 $aHuiles et graisses comestibles$vPe?riodiques 606 $aLipides$vPe?riodiques 606 $aLipides 606 $alipid$2aat 606 $aLipids$2fast$3(OCoLC)fst00999367 606 $aOils and fats, Edible$2fast$3(OCoLC)fst01045014 606 $aOlis i greixos comestibles$2thub 606 $aLípids$2thub 608 $aPeriodical. 608 $aperiodicals.$2aat 608 $aPeriodicals.$2fast 608 $aPeriodicals.$2lcgft 608 $aPe?riodiques.$2rvmgf 608 $aRevistes electròniques.$2thub 615 0$aLipids 615 0$aOils and fats, Edible 615 0$aLipids. 615 12$aLipids. 615 6$aHuiles et graisses comestibles 615 6$aLipides 615 6$aLipides. 615 7$alipid. 615 7$aLipids. 615 7$aOils and fats, Edible. 615 7$aOlis i greixos comestibles. 615 7$aLípids. 712 02$aDeutsche Gesellschaft fu?r Fettwissenschaft, 712 02$aEuropean Federation for the Science and Technology of Lipids, 801 0$bCSA 801 1$bCSA 801 2$bEYM 801 2$bZCU 801 2$bOCLCQ 801 2$bWAU 801 2$bOCLCQ 801 2$bMUQ 801 2$bIUL 801 2$bOCLCQ 801 2$bCLU 801 2$bUKMGB 801 2$bOCLCQ 801 2$bOCLCF 801 2$bOCLCQ 801 2$bSCB 801 2$bOCLCQ 801 2$bVT2 801 2$bNJT 801 2$bADU 801 2$bOCLCO 801 2$bOCLCQ 801 2$bOCLCO 801 2$bUBY 801 2$bOCLCQ 801 2$bUEJ 801 2$bSXB 801 2$bOCLCL 801 2$bOCLCQ 906 $aJOURNAL 912 $a9910140140903321 996 $aEuropean journal of lipid science and technology$91979585 997 $aUNINA